000 00612nam a2200229Ia 4500
003 OSt
005 20221006142558.0
006 a|||||r|||| 00| 0
007 ta
008 221006b |||||||| |||| 00| 0 eng d
024 _a6,648
037 _bGift,
_cTextual
040 _aEASL
_cEASL
_beng
041 _2eng
_aeng
082 _aY:6.41.N5, J7
245 0 _aChina in transition
_b Selected articles 1952-1956
260 _aPeking
_bChina Reconstructs
_c1957
300 _a434p.
_ccm.
650 _aCEN
_9643582
942 _hY:6.41.N5, J7
_cTEXL
_2CC
999 _c1074734
_d1074734